=LDR 00000nam 2200000 4500 =001 INLIS000000000000565 =005 20201117090513 =035 ##$$a 0010-061300000000565 =008 201117################g##########0#ind## =041 ##$$a Ind =082 ##$$a 301 =090 ##$$a 301 Baa s =100 ##$$a Baal, J. van =245 1#$$a Sejarah dan pertumbuhan teori antropologi budaya (hingga dekade 1970) jilid I /$c J. van Baa l; Penerjemah J. Piry =260 ##$$a Jakarta :$b Gramedia,$c 1988 =300 ##$$a xii, 211 hlm. ; $c 17x23 cm. =650 #4$$a Antropologi Budaya =700 #$$a Piry, J =850 ##$$a NBPNMAT =020 ##$$a 979-403-361-8 =084 ##$$a 301 BAA s =504 ##$$a indeks : hlm. 209-210 =990 ##$$a DW99000772 =990 ##$$a DW99000773 =990 ##$$a 31.780 pro 89 =990 ##$$a DW99000776 =990 ##$$a DW99000777 =990 ##$$a 58.207 pro.93